| 000 | 01203nam a2200313Ia 4500 | ||
|---|---|---|---|
| 001 | ebr10159536 | ||
| 003 | CaPaEBR | ||
| 006 | m u | ||
| 007 | cr cn||||||||| | ||
| 008 | 021231r20031991mnu s s001 0 eng d | ||
| 020 | _z0816642281 (pbk. : alk. paper) | ||
| 040 |
_aCaPaEBR _cCaPaEBR |
||
| 035 | _a(OCoLC)560269556 | ||
| 050 | 1 | 4 |
_aTX769 _b.O38595 2003eb |
| 082 | 0 | 4 |
_a641.8/15 _221 |
| 100 | 1 | _aOjakangas, Beatrice A. | |
| 245 | 1 | 0 |
_aQuick breads _h[electronic resource] / _cBeatrice Ojakangas ; illustrations by Sally Sturman. |
| 250 | _a1st University of Minnesota Press ed. | ||
| 260 |
_aMinneapolis : _bUniversity of Minnesota Press, _c2003. |
||
| 300 | _a122 p. | ||
| 500 | _aOriginally published: New York : C. Potter, c1991. | ||
| 500 | _aIncludes index. | ||
| 533 |
_aElectronic reproduction. _bPalo Alto, Calif. : _cebrary, _d2009. _nAvailable via World Wide Web. _nAccess may be limited to ebrary affiliated libraries. |
||
| 650 | 0 | _aBread. | |
| 650 | 0 | _aBaking. | |
| 655 | 7 |
_aElectronic books. _2local |
|
| 710 | 2 | _aebrary, Inc. | |
| 856 | 4 | 0 |
_uhttp://site.ebrary.com/lib/rucke/Doc?id=10159536 _zAn electronic book accessible through the World Wide Web; click to view |
| 999 |
_c244245 _d244245 |
||